History of Nagaland / (Record no. 138979)

MARC details
000 -LEADER
fixed length control field 00568nam a22001937a 4500
005 - DATE AND TIME OF LATEST TRANSACTION
control field 20170418161220.0
010 ## - LCCN (DPL NO)
LC control number ENG-117843
020 ## - INTERNATIONAL STANDARD BOOK NUMBER
International Standard Book Number 9788193114780
Terms of availability 650.00
035 ## - SYSTEM CONTROL NUMBER
System control number EN-101375
037 ## - SOURCE OF ACQUISITION
Source of stock number/acquisition DBAD/PUB
082 ## - DEWEY DECIMAL CLASSIFICATION NUMBER
Classification number 954.57
100 ## - MAIN ENTRY--PERSONAL NAME
Personal name Sinha,Rajiv
245 ## - TITLE STATEMENT
Title History of Nagaland /
Statement of responsibility, etc by Rajiv Sinha
260 ## - PUBLICATION, DISTRIBUTION, ETC. (IMPRINT)
Place of publication, distribution, etc Delhi
Name of publisher, distributor, etc Prakashan Kendra
Date of publication, distribution, etc 2016
270 ## - ADDRESS
Address 1/11955,First Floor, Road N0-65,Subhas Marg,Shahdara
City Delhi
Postal code 110032
300 ## - PHYSICAL DESCRIPTION
Extent v,144p. :
Other physical details 21cm(Hb)
Dimensions ill.
500 ## - GENERAL NOTE
General note Includes index
942 ## - ADDED ENTRY ELEMENTS (KOHA)
Source of classification or shelving scheme Dewey Decimal Classification
Item type English Books
Classification part 954.57
Call number suffix SIN
Holdings
Withdrawn status Lost status Not for loan Collection code Home library Current library Date acquired Source of acquisition Cost, normal purchase price Full call number Barcode Copy number Cost, replacement price Koha item type
      Non-fiction Shahdara Branch Shahdara Branch 18/04/2017 DBAD/PUB 650.00 954.57 SIN EN-101375 1 650.00 English Books

© Delhi Public Library
Hit Counter
free hit counter